[Event "Olympiad"]
[Site "0:20.26-0:00.02"]
[Date "2012.09.06"]
[Round "9"]
[White "Tate, Alan"]
[Black "Murillo Tsijli, Alexis"]
[Result "1-0"]
[WhiteElo "2332"]
[BlackElo "2278"]
[PlyCount "95"]
[EventDate "2012.??.??"]
[WhiteTeam "Scotland"]
[BlackTeam "Costa Rica"]
[WhiteTeamCountry "SCO"]
[BlackTeamCountry "CRI"]

1. e4 e6 2. d4 d5 3. Nd2 Nf6 4. e5 Ng8 5. Bd3 c5 6. c3 cxd4 7. cxd4 Nc6 8. Ngf3
Qb6 9. O-O Bd7 10. Nb3 Nb4 11. Bb1 Ba4 12. a3 Nc6 13. Bc2 Nh6 14. Bxh6 gxh6 15.
Re1 Rg8 16. Re3 Rg7 17. Rc3 h5 18. Rc1 a5 19. Qd2 Bb5 20. Nc5 a4 21. Qe3 Ra5
22. h3 Qa7 23. Nd3 Bxd3 24. Bxd3 Qb6 25. R1c2 Ra8 26. Qe2 Ra5 27. Kh2 h6 28.
Qf1 Kd7 29. Qc1 Ra8 30. Qf1 Ra5 31. Kh1 Be7 32. Qe2 h4 33. Qf1 Bd8 34. Qd1 Be7
35. Qe2 Bd8 36. Kh2 Be7 37. Qd1 Bd8 38. Be2 Be7 39. Qd3 Qa7 40. Qd1 Qb6 41. Rd3
Rb5 42. Qc1 Rh7 43. Rdc3 Rb3 44. Rxb3 Qxb3 45. Rc3 Qb6 46. Qc2 Rh8 47. Qxa4
Qxb2 48. Rb3 1-0

[Event "Olympiad"]
[Site "0:51.30-1:30.35"]
[Date "2012.09.06"]
[Round "9"]
[White "Alfaro Rojas, Alfonso"]
[Black "Morrison, Graham"]
[Result "1/2-1/2"]
[WhiteElo "2239"]
[BlackElo "2360"]
[PlyCount "37"]
[EventDate "2012.??.??"]
[WhiteTeam "Costa Rica"]
[BlackTeam "Scotland"]
[WhiteTeamCountry "CRI"]
[BlackTeamCountry "SCO"]

1. d4 Nf6 2. c4 e6 3. Nc3 Bb4 4. Qc2 O-O 5. a3 Bxc3+ 6. Qxc3 d5 7. Nf3 dxc4 8.
Qxc4 b6 9. Bg5 Ba6 10. Qa4 c5 11. dxc5 bxc5 12. Rd1 Qb6 13. Bxf6 gxf6 14. Rd2
Nc6 15. Qg4+ Kh8 16. Qf4 Kg7 17. Qg4+ Kh8 18. Qh4 Kg7 19. Qg4+ 1/2-1/2

[Event "Olympiad"]
[Site "0:00.43-0:15.45"]
[Date "2012.09.07"]
[Round "10"]
[White "Edirisinghe, Dulan"]
[Black "Mcnab, Colin"]
[Result "0-1"]
[WhiteElo "2046"]
[BlackElo "2446"]
[PlyCount "112"]
[EventDate "2012.??.??"]
[WhiteTeam "Sri Lanka"]
[BlackTeam "Scotland"]
[WhiteTeamCountry "SRI"]
[BlackTeamCountry "SCO"]

1. d4 d6 2. Nf3 g6 3. c4 Bg7 4. Nc3 Nd7 5. e4 e5 6. Bg5 f6 7. Be3 Nh6 8. h3 Nf7
9. Qd2 O-O 10. g4 c6 11. O-O-O a6 12. Kb1 b5 13. d5 b4 14. Na4 c5 15. Bd3 Qe8
16. Qc2 Rb8 17. Nd2 Nb6 18. Nxb6 Rxb6 19. Nf1 b3 20. axb3 Bd7 21. Qc3 Qb8 22.
Bc2 Qb7 23. Kc1 a5 24. Qxa5 Rb4 25. Qa2 f5 26. f3 Bf6 27. Kd2 Ng5 28. Ke2 fxe4
29. fxe4 Nxh3 30. Rxh3 Bxg4+ 31. Rf3 Bxf3+ 32. Kxf3 Bg5+ 33. Ke2 Qc8 34. Bxg5
Qg4+ 35. Kd3 Qxg5 36. Ne3 Rbb8 37. Qa7 Rbd8 38. b4 cxb4 39. c5 b3 40. Bxb3 Rb8
41. Bc4 Rxb2 42. cxd6 Rbf2 43. d7 Kh8 44. Re1 Qe7 45. Rb1 R2f7 46. Rb8 Kg7 47.
Rxf8 Rxf8 48. Kc3 Rd8 49. Bb5 h5 50. Nc4 h4 51. Qe3 Rb8 52. d6 Qf6 53. Bc6 Qf1
54. Qa7 Qc1+ 55. Kd3 Rb3+ 56. Ke2 Qxc4+ 0-1

[Event "Olympiad"]
[Site "0:02.19-0:13.49"]
[Date "2012.09.07"]
[Round "10"]
[White "Arakhamia-Grant, Ketevan"]
[Black "Perera, Withanage"]
[Result "1/2-1/2"]
[WhiteElo "2421"]
[BlackElo "2110"]
[PlyCount "136"]
[EventDate "2012.??.??"]
[WhiteTeam "Scotland"]
[BlackTeam "Sri Lanka"]
[WhiteTeamCountry "SCO"]
[BlackTeamCountry "SRI"]

1. e4 c5 2. Nf3 d6 3. d4 cxd4 4. Nxd4 Nf6 5. Nc3 a6 6. Be3 e5 7. Nf3 Be7 8. Bc4
Qc7 9. Bb3 Be6 10. O-O O-O 11. Qe2 h6 12. Rfd1 Nbd7 13. Nh4 Rfe8 14. Nf5 Bf8
15. Qf3 b5 16. Qg3 Kh7 17. Qh4 b4 18. Nd5 Nxd5 19. Bxd5 Bxd5 20. Rxd5 Re6 21.
Rd2 Qc4 22. f3 Rc8 23. Bf2 Qc6 24. Qh3 g6 25. Ne3 Be7 26. g3 Bg5 27. Qf1 Nb6
28. Qxa6 Ra8 29. Qe2 Bxe3 30. Bxe3 Nc4 31. Rd3 Nxb2 32. Rb3 Nc4 33. Bf2 Ra3 34.
Rxb4 Na5 35. c4 Rf6 36. Be3 Rc3 37. Qe1 Rxc4 38. Rb6 Qa4 39. Ra6 Rxf3 40. Rxa5
Rxe3 41. Qf1 Qxa5 42. Qxf7+ Kh8 43. Qf8+ Kh7 44. Qf7+ Kh8 45. Qxc4 Qb6 46. Qc8+
Kg7 47. Qd7+ Kg8 48. Qe8+ Kg7 49. Qe7+ Kg8 50. Qe6+ Kg7 51. Qd7+ Kg8 52. Kh1
Rf3 53. Rc1 Rf7 54. Qc8+ Kg7 55. Qc2 Qe3 56. Rd1 h5 57. a4 Qf3+ 58. Kg1 h4 59.
Qd3 Qf2+ 60. Kh1 h3 61. Rg1 d5 62. exd5 Rf3 63. Qe4 Re3 64. Qg4 Re2 65. Qd7+
Kg8 66. Qe8+ Kg7 67. Qe7+ Kg8 68. Qe8+ Kg7 1/2-1/2

[Event "Olympiad"]
[Site "0:00.27-0:02.43"]
[Date "2012.09.07"]
[Round "10"]
[White "Alahakoon, Isuru Dhananja"]
[Black "Shaw, John"]
[Result "0-1"]
[WhiteElo "2060"]
[BlackElo "2424"]
[PlyCount "78"]
[EventDate "2012.??.??"]
[WhiteTeam "Sri Lanka"]
[BlackTeam "Scotland"]
[WhiteTeamCountry "SRI"]
[BlackTeamCountry "SCO"]

1. b3 g6 2. Bb2 Nf6 3. c4 Bg7 4. Qc2 O-O 5. e3 d5 6. cxd5 c6 7. d6 exd6 8. Nf3
d5 9. d3 a5 10. a3 Re8 11. Be2 Qe7 12. O-O Bf5 13. Nh4 Be6 14. Nd2 Nbd7 15.
Rfe1 c5 16. Nhf3 Rac8 17. Rad1 b5 18. Qb1 Nb6 19. e4 a4 20. exd5 Nfxd5 21. Bxg7
Kxg7 22. bxa4 Nxa4 23. Bf1 Ndc3 24. Qa1 Kg8 25. Ne4 Nxe4 26. Rxe4 Qf8 27. d4 c4
28. d5 Bf5 29. Rxe8 Rxe8 30. d6 Qg7 31. Nd4 Bd7 32. g3 Qe5 33. Bg2 c3 34. Nc6
Bxc6 35. Bxc6 Rd8 36. d7 Qc5 37. Be4 Nb6 38. Rc1 Rxd7 39. Qxc3 Rd1+ 0-1

[Event "Olympiad"]
[Site "0:06.44-0:15.12"]
[Date "2012.09.07"]
[Round "10"]
[White "Morrison, Graham"]
[Black "Jaysundara, Patthini Kapu"]
[Result "1/2-1/2"]
[WhiteElo "2360"]
[BlackElo "2027"]
[PlyCount "127"]
[EventDate "2012.??.??"]
[WhiteTeam "Scotland"]
[BlackTeam "Sri Lanka"]
[WhiteTeamCountry "SCO"]
[BlackTeamCountry "SRI"]

1. d4 Nf6 2. c4 e6 3. Nf3 b6 4. g3 Ba6 5. b3 Bb4+ 6. Bd2 c5 7. Bg2 Bb7 8. O-O
O-O 9. Bc3 Bxc3 10. Nxc3 Na6 11. Qd2 Ne4 12. Nxe4 Bxe4 13. Rfd1 d5 14. dxc5
Nxc5 15. b4 Na6 16. b5 Nc5 17. Qb2 Qc7 18. cxd5 Bxd5 19. Rd4 Qb7 20. Ne1 Bxg2
21. Nxg2 Rad8 22. Rad1 Qc7 23. Ne3 f6 24. Kf1 Qb7 25. f3 Qc7 26. Ke1 Rxd4 27.
Qxd4 Rf7 28. Qc4 Rd7 29. Rxd7 Qxd7 30. Nc2 Qd6 31. Nd4 Qe5 32. Kf2 Kf8 33. Nc6
Qc7 34. a4 Kf7 35. a5 a6 36. Kg2 g6 37. axb6 Qxb6 38. bxa6 Nxa6 39. Nd4 Nc7 40.
Nc2 Nd5 41. e4 Qc7 42. Qxc7+ Nxc7 43. f4 e5 44. fxe5 fxe5 45. Ne3 Ke6 46. Kf3
Kd6 47. Nc4+ Ke6 48. Kg4 h6 49. h4 Ne8 50. Kf3 Nf6 51. g4 h5 52. g5 Ng4 53. Ke2
Kd7 54. Nb6+ Kc6 55. Nd5 Kd6 56. Kf3 Nh2+ 57. Kg2 Ng4 58. Kg3 Ke6 59. Kf3 Nh2+
60. Ke2 Ng4 61. Ke1 Kd6 62. Kf1 Nh2+ 63. Ke2 Ng4 64. Kf3 1/2-1/2

[Event "Olympiad"]
[Site "0:05.56-0:21.05"]
[Date "2012.09.09"]
[Round "11"]
[White "Mcnab, Colin"]
[Black "Georgiev, Vladimir"]
[Result "1/2-1/2"]
[WhiteElo "2446"]
[BlackElo "2566"]
[PlyCount "152"]
[EventDate "2012.??.??"]
[WhiteTeam "Scotland"]
[BlackTeam "MKD"]
[WhiteTeamCountry "SCO"]

1. c4 g6 2. g3 Bg7 3. Bg2 Nf6 4. Nf3 O-O 5. O-O c6 6. d4 d6 7. b3 Re8 8. Bb2
Qa5 9. Qd2 Qh5 10. Qg5 Qxg5 11. Nxg5 h6 12. Nf3 Ne4 13. Rd1 a5 14. Nbd2 Nxd2
15. Rxd2 a4 16. Rc1 Nd7 17. d5 axb3 18. Bxg7 Kxg7 19. axb3 c5 20. Rb2 b5 21.
cxb5 Rb8 22. b4 Rxb5 23. Rcb1 Nf6 24. Nd2 cxb4 25. Rxb4 Rxb4 26. Rxb4 Ba6 27.
Bf3 Rc8 28. Rb6 Bxe2 29. Bxe2 Rc2 30. Bf3 Rxd2 31. Rb7 Ng8 32. h4 f5 33. Kf1
Kf7 34. Ke1 Rc2 35. g4 Nf6 36. gxf5 gxf5 37. Rb4 Rc5 38. Rd4 Nd7 39. Bh5+ Kf6
40. f4 Rc2 41. Be2 Nc5 42. Kf2 Nb3 43. Rc4 Rd2 44. Ke3 Rxd5 45. Rc3 Nc5 46. Bf3
Ne4 47. Bxe4 fxe4 48. Kxe4 Rh5 49. Rh3 Ra5 50. Rb3 Ra4+ 51. Kf3 Kf5 52. Rb5+ e5
53. fxe5 dxe5 54. Rb8 Rxh4 55. Rf8+ Kg6 56. Rg8+ Kf7 57. Rh8 Rf4+ 58. Ke3 Kg6
59. Re8 Rf5 60. Ke4 Rf1 61. Re6+ Kg5 62. Rxe5+ Kg4 63. Kd3 h5 64. Ke2 Rf8 65.
Re7 h4 66. Rg7+ Kh3 67. Rg6 Kh2 68. Rg4 h3 69. Rg7 Ra8 70. Kf2 Ra2+ 71. Kf1 Rg2
72. Rf7 Rg4 73. Kf2 Kh1 74. Rf8 h2 75. Rf7 Ra4 76. Rf8 Ra2+ 1/2-1/2

[Event "Olympiad"]
[Site "0:09.59-0:02.35"]
[Date "2012.09.09"]
[Round "11"]
[White "Nedev, Trajko"]
[Black "Arakhamia-Grant, Ketevan"]
[Result "1/2-1/2"]
[WhiteElo "2494"]
[BlackElo "2421"]
[PlyCount "119"]
[EventDate "2012.??.??"]
[WhiteTeam "MKD"]
[BlackTeam "Scotland"]
[BlackTeamCountry "SCO"]

1. e4 Nf6 2. e5 Nd5 3. d4 d6 4. c4 Nb6 5. exd6 exd6 6. Nc3 Nc6 7. Be2 Be7 8.
Nf3 O-O 9. O-O Bg4 10. b3 Bf6 11. Be3 d5 12. c5 Nc8 13. h3 Be6 14. Rb1 N8e7 15.
g4 h6 16. b4 Ng6 17. Qd2 Nh4 18. Nxh4 Bxh4 19. f4 f5 20. Bf3 Qd7 21. Qg2 Rad8
22. Ne2 Kh8 23. Kh2 Rde8 24. Rb3 Bg8 25. g5 Re7 26. Bf2 Bxf2 27. Qxf2 Rfe8 28.
Rg1 Re6 29. Rg2 a6 30. gxh6 Rxh6 31. Rg5 Qe6 32. a3 Re7 33. Rd3 Nd8 34. Qg2 c6
35. Qf2 Bf7 36. Ng3 Bg6 37. Ne2 Bh7 38. Rg1 Bg6 39. Rg5 Nf7 40. Rg1 Bh5 41. Nc1
Qf6 42. Bg2 Nd8 43. a4 Re4 44. Bxe4 fxe4 45. Rdg3 Ne6 46. Nb3 Bf3 47. Rxf3 exf3
48. Qxf3 Nxf4 49. Rg3 Qf5 50. Nd2 Re6 51. Rg2 Rf6 52. Rg3 Re6 53. Rg2 Rf6 54.
Rg3 Ne6 55. Qxf5 Rxf5 56. Nb3 Rf2+ 57. Rg2 Rf3 58. Rg3 Rf2+ 59. Rg2 Rf3 60. Rg3
1/2-1/2

[Event "Olympiad"]
[Site "0:09.00-0:05.10"]
[Date "2012.09.09"]
[Round "11"]
[White "Shaw, John"]
[Black "Bogdanovski, Vlatko"]
[Result "1/2-1/2"]
[WhiteElo "2424"]
[BlackElo "2448"]
[PlyCount "130"]
[EventDate "2012.??.??"]
[WhiteTeam "Scotland"]
[BlackTeam "MKD"]
[WhiteTeamCountry "SCO"]

1. e4 c6 2. d4 d5 3. Nd2 dxe4 4. Nxe4 Bf5 5. Ng3 Bg6 6. Nh3 e6 7. Nf4 Bd6 8. h4
Bxf4 9. Bxf4 h6 10. c3 Nf6 11. Be2 Nbd7 12. Nf1 Nd5 13. Bg3 O-O 14. Nd2 N7f6
15. O-O Ne4 16. Nxe4 Bxe4 17. Re1 Bf5 18. Bc4 Re8 19. Qf3 Rc8 20. Rad1 Nf6 21.
Rd2 Bg4 22. Qf4 Bf5 23. Qf3 Bg4 24. Qe3 Bf5 25. f3 Nd5 26. Qe5 b5 27. Bb3 a5
28. a3 Nb6 29. Qc5 Nd7 30. Qd6 Nb6 31. Qxd8 Rexd8 32. Re5 Nd7 33. Ree2 Nb6 34.
Bf4 a4 35. Ba2 Nc4 36. Bxc4 bxc4 37. g4 Bd3 38. Re5 Rd5 39. Kf2 Re8 40. Rd1 f6
41. Rxd5 cxd5 42. Re1 Kf7 43. h5 Rh8 44. Rh1 Re8 45. Re1 Re7 46. Kg3 Rb7 47.
Bc1 Ke7 48. Kf2 Kd6 49. Bf4+ Kd7 50. Bc1 Rb8 51. Kg3 Rh8 52. Bf4 Ke7 53. Kf2 g5
54. hxg6 Bxg6 55. Rh1 h5 56. gxh5 Bxh5 57. Ke3 Kf7 58. Rh3 Rh7 59. Bh2 Kg6 60.
Rg3+ Kf5 61. Rh3 Kg5 62. Bf4+ Kg6 63. Rg3+ Kf5 64. Rh3 e5 65. Bh2 Bg6 1/2-1/2

[Event "Olympiad"]
[Site "0:16.11-0:00.29"]
[Date "2012.09.09"]
[Round "11"]
[White "Pancevski, Filip"]
[Black "Tate, Alan"]
[Result "1-0"]
[WhiteElo "2461"]
[BlackElo "2332"]
[PlyCount "75"]
[EventDate "2012.??.??"]
[WhiteTeam "MKD"]
[BlackTeam "Scotland"]
[BlackTeamCountry "SCO"]

1. e4 c5 2. Nf3 Nc6 3. d4 cxd4 4. Nxd4 g6 5. Nc3 Bg7 6. Be3 Nf6 7. Bc4 O-O 8.
Bb3 d6 9. h3 Bd7 10. O-O a6 11. Re1 Rc8 12. f4 b5 13. a4 b4 14. Nd5 e6 15. Nxc6
Bxc6 16. Bb6 Qd7 17. Nxf6+ Bxf6 18. Bd4 Bh4 19. Re2 Qb7 20. Qd3 a5 21. Qe3 d5
22. f5 e5 23. Bxe5 Rfe8 24. exd5 Bxd5 25. Qd4 Rxe5 26. Rxe5 Bxb3 27. Qxh4 Bxc2
28. f6 h6 29. Kh1 Kh7 30. Qd4 Qc6 31. Re3 Bxa4 32. b3 Bb5 33. Re7 Kg8 34. Rxa5
Ba6 35. Ra2 Bb7 36. Kh2 Qc3 37. Qd2 g5 38. Rxb7 1-0